Akú vodu piť a prečo
Projekt, s ktorým sa študent gymnázia zúčastnil národného kola Stockholm Junior Water Prize 2012. Cieľom projektu vypracovaného z čisto teoretických poznatkov rôznych zdrojov je priblížiť, ako môže voda pomôcť, ale aj uškodiť. Tiež zhodnotiť rôzne druhy vôd a vybrať tie najvhodnejšie po všetkých str...
Gespeichert in:
| 1. Verfasser: | |
|---|---|
| Format: | Buchkapitel |
| Sprache: | Slowakisch |
| Schlagworte: | |
| Tags: |
Keine Tags, Fügen Sie das erste Tag hinzu!
|
MARC
| LEADER | 00000naa a2200000 4500 | ||
|---|---|---|---|
| 001 | 0160344 | ||
| 005 | 20231208124012.0 | ||
| 041 | 0 | |a slo | |
| 044 | |a SK | ||
| 245 | 1 | 0 | |a Akú vodu piť a prečo |c Pavol Štefík |
| 520 | |a Projekt, s ktorým sa študent gymnázia zúčastnil národného kola Stockholm Junior Water Prize 2012. Cieľom projektu vypracovaného z čisto teoretických poznatkov rôznych zdrojov je priblížiť, ako môže voda pomôcť, ale aj uškodiť. Tiež zhodnotiť rôzne druhy vôd a vybrať tie najvhodnejšie po všetkých stránkach. | ||
| 610 | 2 | 0 | |a voda |
| 610 | 2 | 0 | |a voda pitná |
| 610 | 2 | 0 | |a voda minerálna |
| 610 | 2 | 0 | |a zdravie |
| 100 | 1 | |a Štefík, Pavol | |